Phổ biến giáo dục pháp luật cho đồng bào dân tộc thiểu số
Gorde:
| Egile nagusia: | |
|---|---|
| Formatua: | Liburua |
| Argitaratua: |
Nghệ An
Đại học Vinh
2019
|
| Gaiak: | |
| Etiketak: |
Etiketa erantsi
Etiketarik gabe, Izan zaitez lehena erregistro honi etiketa jartzen!
|
| Thư viện lưu trữ: | Trung tâm Học liệu Lê Vũ Hùng, Trường Đại học Đồng Tháp |
|---|
| LEADER | 00853pam a22002418a 4500 | ||
|---|---|---|---|
| 001 | 00045350 | ||
| 005 | 20200217150214.0 | ||
| 008 | 170920s2016 ||||||Viesd | ||
| 020 | # | # | |a 9786049234903 |c 0 |
| 041 | 0 | # | |a Vie |
| 082 | 1 | 4 | |a 340.07 |b PH450B |
| 100 | # | # | |a Đinh, Văn Liêm |
| 245 | 0 | 0 | |a Phổ biến giáo dục pháp luật cho đồng bào dân tộc thiểu số |c Đinh Văn Liêm |
| 260 | # | # | |a Nghệ An |b Đại học Vinh |c 2019 |
| 300 | # | # | |a 219 tr. |c 21 cm. |
| 653 | # | # | |a Dân tộc thiểu số |
| 653 | # | # | |a Giáo dục pháp luật |
| 653 | # | # | |a Pháp luật |
| 653 | # | # | |a Việt Nam |
| 653 | # | # | |a Văn bản |
| 852 | # | # | |j KM.0033800 |j KD.0026683 |j KM.0033799 |j KM.0033802 |j KM.0033801 |
| 910 | # | # | |d 17/2/2020 |
| 980 | # | # | |a Trung tâm Học liệu Lê Vũ Hùng, Trường Đại học Đồng Tháp |


